| Tag |
First Indicator |
Second Indicator |
Subfields |
| LEADER |
00000cam a2200000 a 4500 |
| 001 |
in00000851721 |
| 005 |
20151019062147.0 |
| 008 |
850120s1984 dcuk b f00110 eng d |
| 010 |
|
|
|a gp 85009759
|
| 020 |
|
|
|c $5.50
|
| 035 |
|
|
|a (OCoLC)11603903
|
| 035 |
|
|
|9 AEC3093AM
|
| 040 |
|
|
|a GPO
|c GPO
|d UtOrBLW
|
| 043 |
|
|
|a n-us---
|
| 074 |
|
|
|a 132-A-52
|
| 086 |
0 |
|
|a C 3.255/2:RC 82-A-52
|
| 088 |
|
|
|a RC 82-A-52
|
| 130 |
0 |
|
|a Census of retail trade (1982).
|p Geographic area series.
|
| 245 |
1 |
0 |
|a 1982 census of retail trade.
|p Geographic area series.
|p United States.
|
| 264 |
|
1 |
|a Washington, D.C. :
|b U.S. Dept. of Commerce, Bureau of the Census :
|c [1984]
|
| 264 |
|
2 |
|a Washington, D.C. :
|b For sale by Supt. of Docs., U.S. G.P.O.,
|
| 300 |
|
|
|a 175 pages in various pagings :
|b 1 form ;
|c 28 cm.
|
| 336 |
|
|
|a text
|b txt
|2 rdacontent
|
| 337 |
|
|
|a unmediated
|b n
|2 rdamedia
|
| 338 |
|
|
|a volume
|b nc
|2 rdacarrier
|
| 500 |
|
|
|a "Issued November 1984."
|
| 504 |
|
|
|a Includes bibliographical references and index.
|
| 500 |
|
|
|a "RC82-A-52."
|
| 650 |
|
0 |
|a Retail trade
|z United States
|x Statistics.
|
| 710 |
1 |
|
|a United States.
|b Bureau of the Census.
|
| 740 |
0 |
|
|a Geographic area series, United States.
|
| 999 |
|
|
|a MARS
|
| 999 |
f |
f |
|s cd6d9513-20d9-36e1-810f-a2e14ce94055
|i 2fcef578-b4c3-3722-9a53-b140ed510bdc
|t 0
|
| 952 |
f |
f |
|p noncirc
|a Texas A&M University
|b College Station
|c Sterling C. Evans Library
|d Evans: US Documents (Annex 5th floor)
|t 0
|e C 3.255/2:RC 82-A-52
|h Superintendent of Documents classification
|i unmediated -- volume
|m A14812683798
|
| 998 |
f |
f |
|a C 3.255/2:RC 82-A-52
|t 0
|l Evans: US Documents (Annex 5th floor)
|